Révision APSA Raquette - Statistiques

Statistiques générales
  • Ce quiz a été pris 8 fois
  • Le résultat moyen est 12 sur 24
Statistiques - réponses
Hint Réponse % Correct
Nombre de points au tennis 15 - 30 - 40 = 1 jeu (6 jeux par set)
100%
Taille filet table 0,1525
83%
Taille filet bad 1,55
83%
Taille d'une table de tennis de table 2,74 x 1,5
83%
Taille filet squash 0,48
67%
Taille du filet de tennis 1,07 sur les bords et 0,914 au centre
67%
Date FFTT ? 1927
67%
Définition de la tactique Beyer "Système de plan d'actions et d'alternatives de division qui permet de régler à court terme, une suite logique d'actions en l'assujettissant à une représentation délimitée de son but.
67%
Définition stratégie Construction cognitive préalable à l'action
67%
Définition schéma de jeu Séquence de jeu automatique / d'anticipation
67%
Nombres de points au table / squash 11
50%
Taille du terrain de bad 13,4 x 5
50%
Nombre de points au bad 21
50%
Taille d'un terrain de squash 6 x 9 x 2 - 4,5
50%
Créateur de la première balle de tennis de table ? James Gibb
50%
Date création du bad ? 1877
33%
Date IBF ? 1934
33%
Taille du terrain de tennis 23,77 x 8,23
33%
1ère fédération de tennis de table ? et date ? En Allemagne (regroupe 6 nations), 1926
33%
Créateur du tennis en Angleterre 1874 - Major Wingfield
17%
ITF date ? 1913
17%
Date FFBA ? 1934, puis renaissance en 1979
17%
Date FFSA ? 1920
0%
Date passage de FFSA à FFT ? 1976
0%
Aucun quiz correspondant
Distribution des résultats
% des personnes avec chaque résultat
Percentile par nombre de réponses
Votre historique - résultats
Vous n’avez pas pris ce quiz